| Поле | Инд. | ПП | Название | Значение |
|---|---|---|---|---|
| Тип записи | a | |||
| Библиографический уровень | m | |||
| 001 | Контрольный номер | 52e02954-8286-4062-81d6-627c88c7a2ab | ||
| 005 | Дата корректировки | 20140703123149.3 | ||
| 008 | Кодируемые данные | 031205 | ||
| 020 | a | ISBN | 5-8109-0010-0 | |
| c | Цена, тираж | 227.00 | ||
| 040 | a | Служба первич. каталог. | НБ ТвГУ | |
| 041 | a | Код языка текста | rus | |
| 080 | a | Индекс УДК | 271.22-725(092)"19" | |
| 084 | a | Индекс другой классификации/Индекс ББК | Э372.240.9(2)-36 | |
| 090 | a | Полочн. индекс | Э372.2 | |
| x | Авторский знак | Д16 | ||
| 100 | 0_ | a | Автор | Дамаскин |
| c | Титул (звания) | Орловский | ||
| q | Полное имя | Игумен Дамаскин (Орловский) | ||
| 245 | 10 | a | Заглавие | Мученики, исповедники и подвижники благочестия Русской Православной Церкви ХХ столетия |
| b | Продолж. заглавия | жизнеописания и материалы к ним | ||
| n | Номер части/ раздела | Кн. 4 | ||
| 260 | 0_ | a | Место издания | Тверь |
| b | Издательство | Булат | ||
| c | Дата издания | 2000 | ||
| 300 | a | Объем | 478, [1] с. | |
| b | Иллюстрации/ тип воспроизводства | ил., портр. | ||
| 504 | a | Библиография | Библиогр.: с. 447-477 | |
| 583 | a | Действие | Получение впервые 319 05.12.2003 | |
| k | Исполнитель действия | Магазин "Талант" | ||
| 650 | a | Основная рубрика | Русская Православная Церковь | |
| 650 | a | Основная рубрика | Духовенство | |
| x | Основная подрубрика | Агиография | ||
| x | Основная подрубрика | История | ||
| y | Хронологическая подрубрика | 20 в. | ||
| 650 | a | Основная рубрика | Политические репрессии | |
| 653 | a | Ключевые слова | Агиография | |
| a | Ключевые слова | Духовенство | ||
| a | Ключевые слова | История СССР | ||
| a | Ключевые слова | Политические репрессии | ||
| a | Ключевые слова | Русская Православная Церковь | ||
| 700 | 0_ | a | Другие авторы | Алексий |
| b | Династический номер | II | ||
| c | Титул (звание) | патриарх Московский и всея Руси | ||
| e | Роль лиц | авт. предисл. | ||
| 888 | a | За счет средств университета (за наличные) | ||
| 901 | t | Тип документа | m | |
| 952 | p | 319.2003 227.00 1 773097 | ||
| c | Вид литературы | К рн | ||
| 954 | a | Дата поступления на обработку | 20031210 |